| 000 | 00667nam a2200229Ia 4500 | ||
|---|---|---|---|
| 003 | OSt | ||
| 005 | 20220918110139.0 | ||
| 006 | a|||||r|||| 00| 0 | ||
| 007 | ta | ||
| 008 | 220915b |||||||| |||| 00| 0 eng d | ||
| 024 | _a113416 | ||
| 037 | _cReference Collections | ||
| 040 |
_aARTS _cARTS _beng |
||
| 041 |
_2eng _aeng |
||
| 082 | _aV3,3:91.N49<-N18, L7 (RR) | ||
| 100 |
_aCraig F W S ed _94571 |
||
| 245 | 0 | _aBritish parlimentary elections results 1918-1949 | |
| 260 |
_aN.Y _bmacmillan _c1977 |
||
| 650 | _aHISTORY | ||
| 942 |
_hV3,3:91.N49<-N18, L7 (RR) _cREF |
||
| 999 |
_c111325 _d111325 |
||